University Home | Library Home | Institutional Repository

Essays in pragmatism / (Record no. 67919)

MARC details
000 -LEADER
fixed length control field 01105cam9a220025300 4500
001 - CONTROL NUMBER
control field qce00420245
005 - DATE AND TIME OF LATEST TRANSACTION
control field 20190815105406.0
008 - FIXED-LENGTH DATA ELEMENTS--GENERAL INFORMATION
fixed length control field 720327c19661948nyu eng u
035 ## - SYSTEM CONTROL NUMBER
System control number (Sirsi) r77865
035 ## - SYSTEM CONTROL NUMBER
System control number (QCAT)lss00188296
035 ## - SYSTEM CONTROL NUMBER
System control number (UPRA)qce00420245
040 ## - CATALOGING SOURCE
Modifying agency UPRA
100 1# - MAIN ENTRY--PERSONAL NAME
Personal name James, William, 1842-1910.
Dates associated with a name James, William, 1842-1910.
Linkage A32235.1
245 10 - TITLE STATEMENT
Title Essays in pragmatism /
Statement of responsibility, etc. edited with an introd. by Alburey Castell.
260 ## - PUBLICATION, DISTRIBUTION, ETC.
Place of publication, distribution, etc. New York :
Name of publisher, distributor, etc. Hafner Pub. Co.,
Date of publication, distribution, etc. [1966, c1948]
490 0# - SERIES STATEMENT
Series statement The Hafner library of classics, no. 7
Linkage S21963.1
500 ## - GENERAL NOTE
General note First published in 1948.
504 ## - BIBLIOGRAPHY, ETC. NOTE
Bibliography, etc. note "Selected bibliography": p. xvi.
505 0# - FORMATTED CONTENTS NOTE
Formatted contents note The sentiment of rationality -- The dilemma of determinism -- The moral philosopher and the moral life -- The will to believe -- Conclusions on varieties of religious experience -- What pragmatism means -- Pragmatism's conception of truth.
650 #0 - SUBJECT ADDED ENTRY--TOPICAL TERM
Topical term or geographic name entry element Philosophy.
Linkage S3111.1
700 1# - ADDED ENTRY--PERSONAL NAME
Personal name Castell, Alburey, 1904-
Dates associated with a name Castell, Alburey, 1904-
Linkage A32071.1
949 ## - LOCAL PROCESSING INFORMATION (OCLC)
a B945.J2
w lcc
i -106995
m MAIN
t BOOK
l ON-SHELF

No items available.

© 2026 - The University of Zambia Library - Koha v25.11